000 03860nam1a22007211 4500
001 RU\NLR\A1\11086
005 20260529143409.0
035 _a(NLR Aleph) 009673873
090 _a9674086
_c9674086
100 _a19971023g17741775k y0rusy50 ca
101 1 _arus
_cfre
102 _aRU
140 _ay y ba yaa0100
200 1 _aГосподина Макера Начальныя основания умозрительной химии,
_eсоставляющей часть первую.
_fПеревел с французскаго языка Косма Флоринский.
210 _aВ Санктпетербурге
_cпри Императорской Акади[!]мии наук
_d1774-1775
215 _d
300 _aЗагл. ч.2: "Господина Макера Начальныя основания деятельной химии составляющей часть вторую. Перевел с французскаго языка студент Косма Флоринский".
300 _aТираж 600 экз.
300 _aИзд. Собр., старающегося о пер. иностр. кн.
300 _aНа одной из табл. подпись: Вырез. А. Медведев
300 _aЦена на тит. л.: 80 коп. (ч.1), 1 руб. (ч.1).
316 _aЭкз. ЗНБ РГУ деф.: отсутствуют ил.
_5ЗНБ РГУ
317 _a1-й экз. СПбГУ с владельч. пометой: "С.П.Г.Н.У." (СПб. Главное народное училище) (наклейка на корешке пер-та)
_5СПбГУ
321 _aСК XVIII 4000
327 0 _aВ конце каждой части предмет. указ.: Химический словарь
463 0 _1001RU\NLR\A1\11087
_913474344
_d1774
_p[18], 428, [16] c.; 4 л. ил., табл.
_tЧ.1
463 0 _1001RU\NLR\A1\11088
_913474345
_d1775
_p[30], 624, [16] c.
_tЧ.2
517 1 _aНачальныя основания умозрительной химии
517 1 _aНачальныя основания деятельной химии
518 1 _aНачальные основания умозрительной химии
518 1 _aНачальные основания деятельной химии
620 _dСанкт-Петербург
700 1 _7ca
_8rus
_aМакер
_bП. Ж.
_f1718-1784
_gПьер Жозеф
_9242621
_3RU\NLR\AUTH\770242677
702 1 _4730
_7ca
_8rus
_aФлоринский
_bК.
_f18 в.
_gКозьма
_9243017
_3RU\NLR\AUTH\770243073
702 1 _aМедведев
_bА.
_4350
712 0 2 _4610
_aАкадемическая типография
_cПетербург
_9303965
_3RU\NLR\AUTH\8815379
712 0 2 _4400
_aАкадемия наук
_bСобрание, старающееся о переводе иностранных книг
_cПетербург
_9287839
_3RU\NLR\AUTH\887824
790 1 _6z01702
_aФлоринский
_bК.
_gКосма
801 0 _aRU
_bNLR
_c19971023
852 _aNLR
_j18.1.7.21(1-2)
852 _aNLR
_j138/1655(1-2)
852 _aNLR
_bРЗФ
_j18 в. 3/1324 (ч.1)
852 _aNLR
_bРЗФ
_j18 в. 3/1324 (ч.1)а
_yДеф. экз.
852 _aNLR
_jРэ Шк/М-156 О2(ч.1-2)
_yч.1 деф.
899 _aНБЛ КГУ
_yЧ.1-2. Ч.2 - 2 экз.
899 _aСамОУНБ
_yЧ.2
899 _aКостОУНБ
_yЧ.1
899 _aВОУНБ
899 _aЗНБ ВГУ
899 _aГБГИ
899 _aРГБ
899 _aГАКостО
_yЧ.2
899 _aБАН
899 _aВМА
899 _aМГУ
899 _aГПИБ
899 _aЗНБ РГУ
_yЧ.1
899 _aНГОНБ
_yЧ.1 - 2 экз., ч.2 - 3 экз.
899 _aСПбГУ
_yЧ.1-2, ч.1 - 2 экз.
942 _cBOOK
980 _aNB
980 _aA1XVIIIv